| 000 | 01000cab a2200193 4500 | ||
|---|---|---|---|
| 001 | L129716 | ||
| 008 | 050516n2005 000 0 eng u | ||
| 035 | _a(Sirsi) u129716 | ||
| 041 | _aeng | ||
| 100 | _aWilliams, Austin | ||
| 245 | _aStock exchange | ||
| 260 | _c2005 | ||
| 490 |
_aArchitects' Journal _v221(17) 5 May 2005 44(1) |
||
| 520 | _aDescribes the changes that are occurring to the Building Regulations 2000 Approved Document L1 (2002 edition). Notes that anyone intending to install or replace a gas fired boiler in England and Wales is already facing changes and similar revisions are now about to be introduced for replacing oil-fired or solid-fuel boilers. Argues that many building controllers may be able to avoid these regulations if it is considered unreasonable for them to make these changes to a condensing boiler. | ||
| 590 | _aIKA190505 | ||
| 650 | _aBUILDING REGULATIONS 2000 APPROVED DOCUMENT L1 (2002 EDITION) | ||
| 690 |
_aBuilding regulations _96224 |
||
| 942 | _n0 | ||
| 999 |
_c75228 _d75228 |
||